Gone With The Wind (Record no. 22676)
[ view plain ]
| 000 -LEADER | |
|---|---|
| fixed length control field | 01661nam a22003617a 4500 |
| 003 - CONTROL NUMBER IDENTIFIER | |
| control field | dpl |
| 005 - DATE AND TIME OF LATEST TRANSACTION | |
| control field | 2009013008508.0 |
| 007 - PHYSICAL DESCRIPTION FIXED FIELD--GENERAL INFORMATION | |
| fixed length control field | DVD |
| 008 - FIXED-LENGTH DATA ELEMENTS--GENERAL INFORMATION | |
| fixed length control field | 050907s2005 cau105 g 00| 0 eng d |
| 010 ## - LIBRARY OF CONGRESS CONTROL NUMBER | |
| LC control number | DVD-001590 |
| 024 ## - OTHER STANDARD IDENTIFIER | |
| Standard number or code | 7.02.4.01.141.08 |
| Terms of availability | 599.00 |
| 035 ## - SYSTEM CONTROL NUMBER | |
| System control number | DVD-001590 |
| 040 ## - CATALOGING SOURCE | |
| Original cataloging agency | DPL |
| Transcribing agency | DPL |
| 092 ## - LOCALLY ASSIGNED DEWEY CALL NUMBER (OCLC) | |
| Classification number | DVD / GONE |
| 245 ## - TITLE STATEMENT | |
| Title | Gone With The Wind |
| Medium | [videorecording] DVD / |
| Statement of responsibility, etc | Big Home Video Presents |
| 260 ## - PUBLICATION, DISTRIBUTION, ETC. (IMPRINT) | |
| Name of publisher, distributor, etc | Big Home Video |
| 300 ## - PHYSICAL DESCRIPTION | |
| Extent | 2 videocassette DVD; (224 min.) ; |
| Other physical details | sd., col. ; |
| Dimensions | 4-3/4 in. |
| Type of unit | DVD |
| 440 ## - SERIES STATEMENT/ADDED ENTRY--TITLE | |
| Title | Big Home Video |
| 500 ## - GENERAL NOTE | |
| General note | Winner of 10 Academy Awards |
| 508 ## - CREATION/PRODUCTION CREDITS NOTE | |
| Creation/production credits note | Director of photography, Oliver Wood ; art directors, Shepherd Frankel, Don Macaulay ; editor, William Hoy ; music, Miri Ben-Ari, John Ottman ; costume designer, Jose Fernandez, Wendy Partridge ; production designer, Bill Boes ; visual effects supervisors |
| 538 ## - SYSTEM DETAILS NOTE | |
| System details note | Dolby digital 5.1, English, German, Spanish Subtitles in English, Czech, Duthch, Danish |
| 538 ## - SYSTEM DETAILS NOTE | |
| System details note | Aspect Ratio 1:33.1,Presentation Type: Wide Screen, Presentation Size: 16x9, Format: DVD 9 Dual Layer Single Sided Disc. Layer Transition may trigger a slight pause. |
| 650 ## - SUBJECT ADDED ENTRY--TOPICAL TERM | |
| Topical term or geographic name as entry element | Motion Picture |
| 700 ## - ADDED ENTRY--PERSONAL NAME | |
| Personal name | Gable, Clark |
| 700 ## - ADDED ENTRY--PERSONAL NAME | |
| Personal name | Leigh, Vivien |
| 700 ## - ADDED ENTRY--PERSONAL NAME | |
| Personal name | Howard, Leslie |
| 700 ## - ADDED ENTRY--PERSONAL NAME | |
| Personal name | Olivia, Howarad |
| 700 ## - ADDED ENTRY--PERSONAL NAME | |
| Personal name | Fleming, Victor |
| 700 ## - ADDED ENTRY--PERSONAL NAME | |
| Personal name | Howard, Sidney |
| 942 ## - ADDED ENTRY ELEMENTS (KOHA) | |
| Koha item type | CD-ROMs, DVDs, VHS |
| Source of classification or shelving scheme | Dewey Decimal Classification |
| Classification part | DVD |
| Call number suffix | GONE |
| Withdrawn status | Lost status | Source of classification or shelving scheme | Damaged status | Not for loan | Home library | Current library | Date acquired | Source of acquisition | Cost, normal purchase price | Total Checkouts | Total Renewals | Full call number | Barcode | Date last seen | Date checked out | Copy number | Cost, replacement price | Price effective from | Koha item type |
|---|---|---|---|---|---|---|---|---|---|---|---|---|---|---|---|---|---|---|---|
| Dewey Decimal Classification | Central Library | Central Library | 30/01/2009 | Purchase | 599.00 | 7 | 1 | DVD GONE | DVD-001590 | 17/12/2009 | 30/11/2009 | 1 | 599.00 | 30/01/2009 | CD-ROMs, DVDs, VHS |
